| 000 | 00579nam a2200181 i 4500 | ||
|---|---|---|---|
| 001 | 104311 | ||
| 003 | ES-MaACL | ||
| 005 | 20230906183551.0 | ||
| 007 | t| | ||
| 008 | 051128s1951 sp ||||1| spa d | ||
| 100 | 1 |
_aMiguel y Romero, Mauro. _981040 |
|
| 245 | 1 | 0 |
_aDerecho procesal práctico _b: lecciones y modelos de práctica forense / _cMauro Miguel y Romero, Carlos Miguel y Alonso. |
| 250 | _a8ª ed. | ||
| 260 |
_aMadrid : _bCasa Martín, _c1951. |
||
| 300 |
_a3 t. ; _c22 cm. |
||
| 700 | 1 |
_aMiguel y Alonso, Carlos. _981037 |
|
| 852 |
_aES-MaACL _jD-6938-40 _bR.31568 |
||
| 999 |
_c104311 _d104311 |
||